Normal view
MARC view
- URDU ADAB-PUNJABI POETRY-WASIF ALI WASIF.PUNJABI POETRY-WASIF ALI WASIF
Entry Topical Term
001 - CONTROL NUMBER
- control field: 61351
003 - CONTROL NUMBER IDENTIFIER
- control field: NUST
005 - DATE AND TIME OF LATEST TRANSACTION
- control field: 20210628202734.0
008 - FIXED-LENGTH DATA ELEMENTS
- fixed length control field: 210628|| aca||aabn | a|a d
040 ## - CATALOGING SOURCE
- Original cataloging agency: NUST
- Transcribing agency: NUST
150 ## - HEADING--TOPICAL TERM
- Topical term or geographic name entry element: URDU ADAB-PUNJABI POETRY-WASIF ALI WASIF.PUNJABI POETRY-WASIF ALI WASIF
670 ## - SOURCE DATA FOUND
- Source citation: Work cat.: (NUST): Wasif Ali Wasif 2946, Baharey baharolay, 1995
